Представление документа в формате MARC21

Поле Инд. ПП Название Значение
Тип записи a
Библиографический уровень b
001 Контрольный номер RU/IS/BASE/234616904
005 Дата корректировки 20220228115049.0
040 b Код языка каталог. rus
e Правила каталог. PSBO
041 0_ a Код языка текста rus
084 a Индекс другой классификации/Индекс ББК 83.3(2=411.2)5
100 1_ a Автор Недзвецкий В. А.
245 10 a Заглавие Герой И. С. Тургенева и Россия
504 a Библиография Библиогр. - Примеч.: с. 80
520 0_ a Аннотация Образ России в ее этническом и общественно-политическом своеобразии, в настоящем состоянии и чаемом будущем, а также предназначении в Европе и мире, так или иначе присутствующий во всей новой русской литературе, в ряде ее классических произведений, стал их подлинным мегатекстом. После А.С. Пушкина и М.Ю. Лермонтова данная проблема наибольшую остроту обретает в творчестве И.С. Тургенева. Как она в нем решается? Для этого автор определяет собирательный портрет тургеневского героя
600 14 a Персоналии Тургенев Иван Сергеевич
650 04 a Основная рубрика история литературы
a Основная рубрика литературоведение
a Основная рубрика филологические науки
653 0_ a Ключевые слова XIX век
a Ключевые слова литературный герой
a Ключевые слова образ России
a Ключевые слова Россия
a Ключевые слова русская литература
773 0_ t Заглавие источника Вестник Московского университета. Серия 9, Филология
d Дата издания источника 2006
g Прочая информация № 5. - С. 64 - 80
w Контрольный № источника RU/IS/BASE/220371624
901 t Тип документа b